Чисто поле: Рассказы и очерки; Степная дорога днем. Газета в селе; Ночлег. Питомка. Свиньи; Степная сторона. Под шум вьюги. Офицерша; Первая охота. Емельяновские узницы.; Статистика в деревне; Танька. Эпитафия. На край света

Bibliografiset tiedot
Muut tekijät: Летов Л. Леонид (иллюстратор)
Kieli:venäjä
Julkaistu: Воронеж, Центрально-Черноземное книжное изд-во, 1975
TOC:А. Левитов, Степная дорога днем. Газета в селе;
В. Слепцов, Ночлег. Питомка. Свиньи;
А. Эртель, Степная сторона. Под шум вьюги. Офицерша;
С. Терпигорев, Первая охота. Емельяновские узницы.;
О. Забытый, Статистика в деревне;
И. Бунин, Танька. Эпитафия. На край света;
Aiheet:
Aineistotyyppi: Kirja
KOHA link:https://koha.lib.tpu.ru/cgi-bin/koha/opac-detail.pl?biblionumber=121561

MARC

LEADER 00000nam0a2200000 4500
001 121561
005 20231031125435.0
035 |a (RuTPU)RU\TPU\book\131643 
090 |a 121561 
100 |a 20070917d1975 m y0rusy50 ca 
101 0 |a rus 
102 |a RU 
105 |a a z 000ay 
200 1 |a Чисто поле  |e Рассказы и очерки  |f худож. Л. Летов 
210 |a Воронеж  |c Центрально-Черноземное книжное изд-во  |d 1975 
215 |a 224 с.  |c ил. 
464 |t Степная дорога днем. Газета в селе  |f А. Левитов 
464 |t Ночлег. Питомка. Свиньи  |f В. Слепцов 
464 |t Степная сторона. Под шум вьюги. Офицерша  |f А. Эртель  
464 |t Первая охота. Емельяновские узницы.  |f С. Терпигорев 
464 |t Статистика в деревне  |f О. Забытый 
464 |t Танька. Эпитафия. На край света  |f И. Бунин 
610 1 |a русская литература 
610 1 |a рассказы 
610 1 |a очерки 
675 |a Р1  |v 3 
702 1 |a Летов  |b Л.  |g Леонид  |4 440 
801 1 |a RU  |b 63413507  |c 20070917  |g PSBO 
942 |c BK